Mario Kart World circuits on a map - Statistics

General Stats
  • This quiz has been taken 149 times
  • The average score is 26 of 30
Answers on the Map
Answers color-coded by a green-red scale on the quiz's map according to % correct below.
 
Answer Stats
answer % Correct
Bowser's Castle
95%
Rainbow Road
94%
Moo Moo Meadows
93%
Koopa Troopa Beach
92%
Mario Circuit
92%
Peach Beach
92%
Shy Guy Bazaar
92%
Toad's Factory
92%
Dino Dino Jungle
91%
Mario Bros. Circuit
91%
Wario Stadium
91%
Boo Cinema
88%
Peach Stadium
88%
Airship Fortress
87%
DK Spaceport
87%
Great ? Block Ruins
87%
Wario Shipyard
87%
Crown City
86%
DK Pass
86%
Cheep Cheep Falls
85%
Sky-High Sundae
84%
Acorn Heights
82%
Desert Hills
82%
Choco Mountain
81%
Salty Salty Speedway
78%
Dry Bones Burnout
76%
Faraway Oasis
76%
Starview Peak
76%
Dandelion Depths
74%
Whistlestop Summit
73%
No matching quizzes found
Score Distribution
Percent of People with Each Score
Percentile by Number Answered
Your Score History
You have not taken this quiz